00575nam a22002057a 450000500170000001000110001702000100002803500110003803700160004904000120006508200160007710000160009324500360010926000460014527000490019130000270024050000610026765000200032865000210034820170124110018.0 a070346 c00.00 a070346 bCen Lib/Ret aDPLbEN a301.35bDUB aDube, S. C. aIndian village /cby S.C. Dube  aLondon bRoutledge and Kegan Paul c1955 bLondon abroadway house, 68-74, carter lane  axiv, 248p. :c20cm(Hb) aIncludes glossary, bibliographical references and index  aSocial science  aIndian villages